Comuni della Provincia di Taranto - Statistics

Statistiche generali
  • Questo quiz è stato fatto 135 volte
  • Il punteggio medio è 22 su 29
Statistiche sulle risposte
Comune % Corretto
Massafra
93%
Grottaglie
92%
Ginosa
90%
Martina Franca
90%
Manduria
88%
Avetrana
86%
Laterza
86%
Palagianello
85%
Palagiano
85%
Taranto
85%
Pulsano
81%
Monteiasi
80%
San Giorgio Ionico
80%
Lizzano
78%
Leporano
75%
Montemesola
75%
Sava
75%
Statte
75%
Carosino
73%
Maruggio
73%
Mottola
71%
Torricella
71%
Castellaneta
68%
San Marzano di San Giuseppe
66%
Crispiano
64%
Monteparano
63%
Fragagnano
61%
Roccaforzata
59%
Faggiano
49%
Nessun quiz corrispondente trovato
Distribuzione punteggi
Percentuale di utenti per punteggio
Percentile per numero di risposta
I tuoi punteggi nel tempo
Non hai fatto questo quiz